[Event "Szczawno Festival IM 2018"]
[Site "Szczawno"]
[Date "2018.12.17"]
[Round "4"]
[White "Kislinsky, Alexey"]
[Black "Fus, Jakub"]
[Result "1/2-1/2"]
[WhiteElo "2425"]
[BlackElo "2265"]
[Annotator "NA RC"]
[PlyCount "148"]
[EventDate "2018.12.14"]
[EventType "tourn"]
[EventCountry "POL"]
[SourceTitle "playchess.com"]
[Source "ChessBase"]
[SourceQuality "1"]
[TimeControl "40/5400+30:900+30"]

1. e4 {[%emt 0:02:54]} e5 {[%emt 0:00:00]} 2. f4 {[%emt 0:00:33]} Bc5 {[%emt 0:00:14]} 3. Nc3 {[%emt 0:00:29]} d6 {[%emt 0:06:54]} 4. Nf3 {[%emt 0:00:32]} Nc6 {[%emt 0:01:05]} 5. Bb5 {[%emt 0:01:05]} Bg4 {[%emt 0:08:24] LiveBook: 7 Games} 6. Na4 {[%emt 0:00:53]} Bb6 {[%emt 0:06:39]} 7. Nxb6 {[%emt 0:01:51]} axb6 {[%emt 0:00:08]} 8. O-O {[%emt 0:00:36]} Nf6 {[%emt 0:02:13]} 9. d3 {[%emt 0:00:10]} O-O {[%emt 0:01:02]} 10. Bxc6 {[%emt 0:01:18]} bxc6 {[%emt 0:00:13]} 11. Qe1 $11 {[%emt 0:01:36]} exf4 {[%emt 0:08:27]} 12. Bxf4 {[%emt 0:00:09]} Nd7 {[%emt 0:01:34]} 13. Qg3 {[%emt 0:01:24]} Bxf3 {[%emt 0:03:27]} 14. Rxf3 {[%emt 0:00:09]} f6 {[%emt 0:00:42]} 15. a3 {[%emt 0:01:18]} Ne5 {[%emt 0:02:37]} 16. Rf2 {[%emt 0:00:19]} Qe7 {[%emt 0:00:15]} 17. Raf1 {[%emt 0:00:43]} Rf7 {[%emt 0:03:01]} 18. Bd2 {[%emt 0:01:20]} c5 {[%emt 0:02:19]} 19. Rf5 {[%emt 0:00:21]} Qe6 {[%emt 0:02:16]} 20. Qh4 {[%emt 0:02:55]} Raf8 {[%emt 0:01:40]} 21. h3 {[%emt 0:03:17]} Ng6 {[%emt 0:02:34]} 22. Qg3 {[%emt 0:05:16]} Ne7 {[%emt 0:05:14]} 23. R5f2 {[%emt 0:01:25]} Qe5 {[%emt 0:03:33]} 24. Qxe5 {[%emt 0:00:23]} fxe5 {[%emt 0:01:32]} 25. Rxf7 {[%emt 0:00:22]} Rxf7 {[%emt 0:00:05]} 26. Ra1 {[%emt 0:01:06]} Nc6 {[%emt 0:00:46]} 27. c3 {[%emt 0:02:12]} Rf8 {[%emt 0:08:35]} 28. b4 {[%emt 0:02:53]} cxb4 {[%emt 0:04:46]} 29. axb4 {[%emt 0:00:43]} Rc8 {[%emt 0:06:43]} 30. Kf2 {[%emt 0:01:26]} Kf7 {[%emt 0:00:37]} 31. b5 {[%emt 0:00:58]} Na5 {[%emt 0:00:54]} 32. Ra3 {[%emt 0:00:54]} Ke6 {[%emt 0:00:19]} 33. Ke2 {[%emt 0:00:07]} Kd7 {[%emt 0:00:48]} 34. Be3 {[%emt 0:02:09]} Rf8 {[%emt 0:02:03]} 35. Ra1 {[%emt 0:00:31]} Rf7 {[%emt 0:01:09]} 36. g4 {[%emt 0:02:03]} Rf8 {[%emt 0:01:13]} 37. h4 {[%emt 0:03:41]} Nb3 {[%emt 0:05:47]} 38. Ra7 {[%emt 0:04:18]} Nc5 {[%emt 0:00:36]} 39. h5 {[%emt 0:01:44]} Re8 {[%emt 0:02:10]} 40. Ra1 {[%emt 0:00:00]} Rf8 {[%emt 0:00:00]} 41. g5 {[%emt 0:13:11]} Ne6 {[%emt 0:01:44]} 42. h6 {[%emt 0:15:07]} g6 {[%emt 0:02:20]} 43. Ra7 {[%emt 0:04:40]} Nc5 {[%emt 0:08:38]} 44. Kd2 {[%emt 0:04:40]} Re8 {[%emt 0:00:32]} 45. Kc2 {[%emt 0:00:27]} Rf8 {[%emt 0:01:45]} 46. Bxc5 {[%emt 0:00:50]} dxc5 {[%emt 0:01:00]} 47. Kb3 {[%emt 0:00:03]} Kd6 {[%emt 0:00:48]} 48. Kc4 {[%emt 0:00:06]} Re8 {[%emt 0:02:24]} 49. Ra1 {[%emt 0:00:27]} Rf8 {[%emt 0:02:42]} 50. Ra2 {[%emt 0:03:06]} Ke6 {[%emt 0:00:10]} 51. d4 {[%emt 0:11:44]} cxd4 {[%emt 0:01:45]} 52. cxd4 {[%emt 0:00:05]} Rf4 {[%emt 0:02:11]} 53. Kd3 {[%emt 0:02:07]} Rf3+ {[%emt 0:00:09]} 54. Ke2 {[%emt 0:00:15]} Rg3 {[%emt 0:00:04]} 55. Ra7 {[%emt 0:00:26]} Kd7 {[%emt 0:00:32]} 56. Ra8 {[%emt 0:01:23]} Rxg5 {[%emt 0:00:26]} 57. Rh8 {[%emt 0:00:03]} exd4 {[%emt 0:00:41]} 58. Rxh7+ {[%emt 0:00:04]} Kd6 {[%emt 0:00:13]} 59. Rg7 {[%emt 0:00:09]} Rh5 {[%emt 0:01:15]} 60. h7 {[%emt 0:03:06]} Rh3 {[%emt 0:00:18]} 61. Rxg6+ {[%emt 0:01:09]} Ke5 {[%emt 0:00:24]} 62. Rg7 {[%emt 0:00:13]} Kxe4 {[%emt 0:00:14]} 63. Re7+ {[%emt 0:00:05]} Kd5 {[%emt 0:00:27]} 64. Rxc7 {[%emt 0:00:07]} Ke4 {[%emt 0:00:04]} 65. Kf2 {[%emt 0:01:42]} Kd3 {[%emt 0:02:06]} 66. Kg2 {[%emt 0:01:24]} Rh6 {[%emt 0:00:16]} 67. Kf3 {[%emt 0:00:18]} Kd2 {[%emt 0:00:18]} 68. Ke4 {[%emt 0:04:48]} d3 {[%emt 0:00:12]} 69. Kf3 {[%emt 0:01:54]} Kd1 {[%emt 0:00:18]} 70. Ke3 {[%emt 0:02:17]} d2 {[%emt 0:00:10]} 71. Kf2 {[%emt 0:00:02]} Rf6+ {[%emt 0:01:18]} 72. Kg2 {[%emt 0:01:24]} Rg6+ {[%emt 0:00:45]} 73. Kf2 {[%emt 0:00:04]} Rf6+ {[%emt 0:00:03]} 74. Kg2 {[%emt 0:00:05]} Rg6+ {[%emt 0:02:19]} 1/2-1/2

[Event "Szczawno Festival IM 2018"]
[Site "Szczawno"]
[Date "2018.12.17"]
[Round "4"]
[White "Simantsev, Mikhail"]
[Black "Chylewski, Patryk"]
[Result "1/2-1/2"]
[WhiteElo "2404"]
[BlackElo "2268"]
[Annotator "NA"]
[PlyCount "126"]
[EventDate "2018.12.14"]
[EventType "tourn"]
[EventCountry "POL"]
[SourceTitle "playchess.com"]
[Source "ChessBase"]
[SourceQuality "1"]
[TimeControl "40/5400+30:900+30"]

1. d4 {[%emt 0:13:16]} Nf6 {[%emt 0:00:00]} 2. c4 {[%emt 0:00:02]} e6 {[%emt 0:00:00]} 3. Nf3 {[%emt 0:01:06]} a6 {[%emt 0:00:23]} 4. Nc3 {[%emt 0:02:31]} d5 {[%emt 0:00:06]} 5. cxd5 {[%emt 0:01:34]} exd5 {[%emt 0:00:06]} 6. Bg5 {[%emt 0:00:23]} Be6 {[%emt 0:00:15]} 7. e3 {[%emt 0:00:33]} Nbd7 {[%emt 0:00:09]} 8. Bd3 {[%emt 0:00:49]} Bd6 {[%emt 0:00:16]} 9. h3 {[%emt 0:02:53] LiveBook: 20 Games} c6 {[%emt 0:00:50]} 10. O-O {[%emt 0:06:43]} Qc7 {[%emt 0:01:42]} 11. Qd2 {[%emt 0:05:36]} O-O $14 {[%emt 0:06:50]} 12. a3 {[%emt 0:08:22]} h6 {[%emt 0:10:41]} 13. Bf4 {[%emt 0:01:52]} c5 {[%emt 0:03:10]} 14. Bxd6 {[%emt 0:05:13]} Qxd6 {[%emt 0:00:17]} 15. dxc5 {[%emt 0:00:01]} Nxc5 {[%emt 0:00:22]} 16. Bc2 {[%emt 0:03:22]} Rfd8 {[%emt 0:00:54]} 17. Rfd1 {[%emt 0:03:10]} Qb6 {[%emt 0:06:46]} 18. Na4 {[%emt 0:08:05]} Nxa4 {[%emt 0:03:50]} 19. Bxa4 {[%emt 0:00:02]} Ne4 {[%emt 0:13:40]} 20. Qd4 {[%emt 0:02:45]} Qxd4 {[%emt 0:01:36]} 21. Nxd4 {[%emt 0:00:10]} Rac8 {[%emt 0:02:55]} 22. Rac1 {[%emt 0:06:06]} Rxc1 {[%emt 0:04:03]} 23. Rxc1 {[%emt 0:02:59]} Rc8 {[%emt 0:00:14]} 24. Rd1 {[%emt 0:03:56]} Nc5 {[%emt 0:06:54]} 25. Bc2 {[%emt 0:00:10]} Kf8 {[%emt 0:03:22]} 26. Kf1 {[%emt 0:04:40]} Ke7 {[%emt 0:02:02]} 27. Ke2 {[%emt 0:00:50]} Nd7 {[%emt 0:03:48]} 28. Bb3 {[%emt 0:05:22]} Nc5 {[%emt 0:11:12]} 29. Ba2 {[%emt 0:02:02]} Na4 {[%emt 0:02:25]} 30. Rb1 {[%emt 0:01:37]} Rc7 {[%emt 0:02:40]} 31. Bb3 {[%emt 0:01:39]} Nb6 {[%emt 0:00:38]} 32. Kd2 {[%emt 0:02:08]} Rc8 {[%emt 0:01:02]} 33. h4 {[%emt 0:00:52]} Rc7 {[%emt 0:02:00]} 34. f3 {[%emt 0:00:27]} Nc4+ {[%emt 0:05:10]} 35. Bxc4 {[%emt 0:00:57]} Rxc4 {[%emt 0:00:23]} 36. Rc1 {[%emt 0:03:11]} Rxc1 {[%emt 0:01:57]} 37. Kxc1 {[%emt 0:00:01]} Kd6 {[%emt 0:00:31]} 38. Kd2 {[%emt 0:00:01]} Bd7 {[%emt 0:01:23]} 39. Kc3 {[%emt 0:00:19]} Ke5 {[%emt 0:03:15]} 40. Kd3 {[%emt 0:00:00]} b6 {[%emt 0:00:00]} 41. f4+ {[%emt 0:08:06]} Kd6 {[%emt 0:01:52]} 42. Nb3 {[%emt 0:02:56]} g6 {[%emt 0:03:47]} 43. Kd4 {[%emt 0:00:16]} h5 {[%emt 0:00:53]} 44. Nc1 {[%emt 0:01:44]} Bb5 {[%emt 0:04:19]} 45. Na2 {[%emt 0:00:38]} Bf1 {[%emt 0:05:37]} 46. g3 {[%emt 0:02:07]} Ke6 {[%emt 0:01:31]} 47. Nb4 {[%emt 0:02:08]} Kf5 {[%emt 0:01:00]} 48. Nc6 {[%emt 0:04:18]} Kg4 {[%emt 0:01:01]} 49. Ne5+ {[%emt 0:00:01]} Kxg3 {[%emt 0:00:07]} 50. Nxf7 {[%emt 0:00:01]} Kxh4 {[%emt 0:00:34]} 51. Ne5 {[%emt 0:00:01]} Kg3 {[%emt 0:00:34]} 52. Nxg6 {[%emt 0:00:01]} h4 {[%emt 0:01:06]} 53. Nxh4 {[%emt 0:00:05]} Kxh4 {[%emt 0:00:05]} 54. Kxd5 {[%emt 0:00:01]} Kh5 {[%emt 0:00:44]} 55. Kc6 {[%emt 0:00:39]} b5 {[%emt 0:00:34]} 56. b4 {[%emt 0:01:05]} Kg4 {[%emt 0:00:37]} 57. Kb6 {[%emt 0:00:23]} Kf3 {[%emt 0:00:26]} 58. f5 {[%emt 0:00:54]} Kxe3 {[%emt 0:00:02]} 59. f6 {[%emt 0:00:10]} Bc4 {[%emt 0:00:04]} 60. Kxa6 {[%emt 0:00:34]} Kd4 {[%emt 0:00:08]} 61. Kb6 {[%emt 0:02:39]} Kc3 {[%emt 0:00:56]} 62. Kc5 {[%emt 0:00:47]} Kb3 {[%emt 0:00:13]} 63. f7 {[%emt 0:00:27]} Bxf7 {[%emt 0:00:05]} 1/2-1/2

[Event "Szczawno Festival IM 2018"]
[Site "Szczawno"]
[Date "2018.12.17"]
[Round "4"]
[White "Sergeev, Vladimir"]
[Black "Pacan-Milej, Kosma"]
[Result "1/2-1/2"]
[WhiteElo "2402"]
[BlackElo "2334"]
[Annotator "NA"]
[PlyCount "73"]
[EventDate "2018.12.14"]
[EventType "tourn"]
[EventCountry "POL"]
[SourceTitle "playchess.com"]
[Source "ChessBase"]
[SourceQuality "1"]
[TimeControl "40/5400+30:900+30"]

1. g3 {[%emt 0:13:02]} d5 {[%emt 0:00:00]} 2. Bg2 {[%emt 0:00:21]} e5 {[%emt 0:00:12]} 3. d3 {[%emt 0:00:29]} c6 {[%emt 0:01:12]} 4. Nf3 {[%emt 0:00:04]} Bd6 {[%emt 0:00:58]} 5. O-O {[%emt 0:00:06]} Ne7 {[%emt 0:01:16]} 6. e4 {[%emt 0:00:21]} O-O {[%emt 0:02:18]} 7. Nc3 {[%emt 0:01:55] LiveBook: 11 Games} d4 {[%emt 0:02:34]} 8. Ne2 {[%emt 0:00:23]} c5 {[%emt 0:00:29]} 9. Nd2 {[%emt 0:02:14]} Nbc6 {[%emt 0:07:06]} 10. c4 {[%emt 0:03:26]} Nb4 $15 {[%emt 0:10:40]} 11. Nf3 {[%emt 0:12:41]} f6 {[%emt 0:09:44]} 12. Ne1 {[%emt 0:00:41]} Be6 {[%emt 0:00:50]} 13. f4 {[%emt 0:00:09]} Rb8 {[%emt 0:04:24]} 14. f5 {[%emt 0:00:50]} Bf7 {[%emt 0:00:41]} 15. g4 {[%emt 0:00:20]} b5 {[%emt 0:00:42]} 16. b3 {[%emt 0:00:28]} bxc4 {[%emt 0:02:09]} 17. dxc4 {[%emt 0:07:34]} Bc7 {[%emt 0:05:11]} 18. Rf3 {[%emt 0:06:21]} Nc8 {[%emt 0:12:58]} 19. Nd3 {[%emt 0:13:08]} Nxd3 {[%emt 0:04:25]} 20. Qxd3 {[%emt 0:00:10]} Nd6 {[%emt 0:04:58]} 21. Rg3 {[%emt 0:06:02]} h6 {[%emt 0:10:23]} 22. h4 {[%emt 0:00:14]} Re8 {[%emt 0:01:51]} 23. g5 {[%emt 0:00:42]} hxg5 {[%emt 0:00:55]} 24. hxg5 {[%emt 0:00:02]} Kf8 {[%emt 0:00:28]} 25. Rh3 {[%emt 0:05:16]} Bg8 {[%emt 0:03:30]} 26. Bf3 {[%emt 0:06:11]} Ke7 {[%emt 0:02:52]} 27. Ng3 {[%emt 0:00:37]} Kd7 {[%emt 0:01:17]} 28. Bh5 {[%emt 0:04:06]} Re7 {[%emt 0:02:52]} 29. Bg6 {[%emt 0:00:20]} Kc6 {[%emt 0:00:37]} 30. Nh5 {[%emt 0:01:23]} Rd7 {[%emt 0:00:20]} 31. gxf6 {[%emt 0:02:46]} gxf6 {[%emt 0:00:05]} 32. Bh6 {[%emt 0:00:19]} Nf7 {[%emt 0:03:04]} 33. Bg7 {[%emt 0:02:21]} Rd6 {[%emt 0:00:13]} 34. Rd1 {[%emt 0:04:24]} Rb6 {[%emt 0:01:39]} 35. Rg3 {[%emt 0:00:21]} Kb7 {[%emt 0:00:49]} 36. Kf2 {[%emt 0:04:31]} Qe7 {[%emt 0:00:25]} 37. Rdg1 {[%emt 0:00:21]} 1/2-1/2

[Event "Szczawno Festival IM 2018"]
[Site "Szczawno"]
[Date "2018.12.17"]
[Round "4"]
[White "Krzywda, Andrzej"]
[Black "Sliwicka, Alicja"]
[Result "0-1"]
[WhiteElo "2178"]
[BlackElo "2236"]
[Annotator "NA"]
[PlyCount "66"]
[EventDate "2018.12.14"]
[EventType "tourn"]
[EventCountry "POL"]
[SourceTitle "playchess.com"]
[Source "ChessBase"]
[SourceQuality "1"]
[TimeControl "40/5400+30:900+30"]

1. d4 {[%emt 0:00:00]} Nf6 {[%emt 0:00:00]} 2. c4 {[%emt 0:00:00]} d6 {[%emt 0:00:00]} 3. Nf3 {[%emt 0:01:43]} Nbd7 {[%emt 0:00:32]} 4. g3 {[%emt 0:01:00]} e5 {[%emt 0:00:17]} 5. Nc3 {[%emt 0:02:21]} Be7 {[%emt 0:00:32]} 6. Bg2 {[%emt 0:00:13]} O-O {[%emt 0:00:21]} 7. O-O {[%emt 0:00:13]} c6 {[%emt 0:00:38]} 8. Qc2 {[%emt 0:00:53]} Qc7 {[%emt 0:04:24]} 9. Rd1 {[%emt 0:01:42]} Re8 {[%emt 0:05:18]} 10. b3 {[%emt 0:01:12]} Bf8 $14 {[%emt 0:05:37] LiveBook: 40 Games} 11. Bb2 {[%emt 0:06:27]} e4 {[%emt 0:14:41]} 12. Ne1 {[%emt 0:06:38]} d5 {[%emt 0:03:27]} 13. cxd5 {[%emt 0:05:22]} cxd5 {[%emt 0:00:58]} 14. Nb5 {[%emt 0:04:29]} Qxc2 {[%emt 0:00:20]} 15. Nxc2 {[%emt 0:00:04]} Rd8 {[%emt 0:02:02]} 16. Ne3 {[%emt 0:01:07]} Nb6 {[%emt 0:01:44]} 17. a4 {[%emt 0:05:56]} Bd7 {[%emt 0:03:15]} 18. Nc3 {[%emt 0:11:01]} Bc6 {[%emt 0:03:35]} 19. a5 {[%emt 0:05:54]} Nc8 {[%emt 0:03:11]} 20. a6 {[%emt 0:03:23]} Rb8 {[%emt 0:06:17]} 21. f3 {[%emt 0:06:08]} bxa6 {[%emt 0:04:22]} 22. fxe4 {[%emt 0:09:00]} dxe4 {[%emt 0:00:30]} 23. d5 {[%emt 0:04:40]} Ba8 {[%emt 0:00:32]} 24. Nxe4 {[%emt 0:11:58]} Nxe4 {[%emt 0:00:29]} 25. Bxe4 {[%emt 0:00:19]} Re8 {[%emt 0:00:54]} 26. d6 {[%emt 0:02:22]} Rxe4 {[%emt 0:05:08]} 27. d7 {[%emt 0:00:22]} Nd6 {[%emt 0:00:08]} 28. Nf5 {[%emt 0:06:16]} Rxe2 {[%emt 0:11:00]} 29. Nxd6 {[%emt 0:01:19]} Rxb2 {[%emt 0:00:18]} 30. Rac1 {[%emt 0:01:15]} Rd8 {[%emt 0:01:29]} 31. Nf5 {[%emt 0:01:25]} Bb7 {[%emt 0:00:39]} 32. Ne7+ {[%emt 0:00:44]} Bxe7 {[%emt 0:00:23]} 33. Rc8 {[%emt 0:00:25]} Bxc8 {[%emt 0:00:37]} 0-1

[Event "Szczawno Festival IM 2018"]
[Site "Szczawno"]
[Date "2018.12.17"]
[Round "4"]
[White "Tejaswini, Sagar"]
[Black "Karpus, Michal"]
[Result "0-1"]
[WhiteElo "2177"]
[BlackElo "2355"]
[Annotator "NA"]
[PlyCount "100"]
[EventDate "2018.12.14"]
[EventType "tourn"]
[EventCountry "POL"]
[SourceTitle "playchess.com"]
[Source "ChessBase"]
[SourceQuality "1"]
[TimeControl "40/5400+30:900+30"]

1. e4 {[%emt 0:00:00]} e5 {[%emt 0:00:00]} 2. Nf3 {[%emt 0:00:00]} Nc6 {[%emt 0:00:00]} 3. Bb5 {[%emt 0:00:00]} a6 {[%emt 0:00:01]} 4. Ba4 {[%emt 0:00:00]} Nf6 {[%emt 0:00:15]} 5. O-O {[%emt 0:00:10]} Be7 {[%emt 0:00:09]} 6. Re1 {[%emt 0:00:05]} b5 {[%emt 0:00:12]} 7. Bb3 {[%emt 0:00:12]} d6 {[%emt 0:00:15]} 8. c3 {[%emt 0:00:24]} O-O {[%emt 0:00:18]} 9. h3 {[%emt 0:00:21]} Nd7 {[%emt 0:00:19]} 10. d4 {[%emt 0:01:32]} Bf6 {[%emt 0:00:29]} 11. Bc2 {[%emt 0:07:00]} Bb7 {[%emt 0:01:19]} 12. a3 {[%emt 0:04:57]} Nb6 {[%emt 0:02:58]} 13. b3 {[%emt 0:04:08]} Re8 {[%emt 0:05:02]} 14. Bb2 {[%emt 0:03:19]} Qd7 {[%emt 0:04:18]} 15. Nbd2 {[%emt 0:02:01]} Rad8 $14 {[%emt 0:10:58]} 16. Nf1 {[%emt 0:06:57]} d5 {[%emt 0:11:48]} 17. exd5 {[%emt 0:11:24]} Qxd5 {[%emt 0:04:32]} 18. dxe5 {[%emt 0:10:42]} Nxe5 {[%emt 0:02:37]} 19. Qxd5 {[%emt 0:00:26]} Nxd5 {[%emt 0:05:06]} 20. Nxe5 {[%emt 0:02:14]} Bxe5 {[%emt 0:01:15]} 21. Be4 {[%emt 0:01:10]} Bf6 {[%emt 0:07:10]} 22. Rad1 {[%emt 0:08:02]} Kf8 {[%emt 0:01:04]} 23. Bf3 {[%emt 0:08:46]} Rxe1 {[%emt 0:03:42]} 24. Rxe1 {[%emt 0:00:44]} Bc8 {[%emt 0:07:41]} 25. Rd1 {[%emt 0:03:25]} Be6 {[%emt 0:00:41]} 26. Ba1 {[%emt 0:04:18]} Nf4 {[%emt 0:10:25]} 27. Rxd8+ {[%emt 0:02:48]} Bxd8 {[%emt 0:00:09]} 28. Nd2 {[%emt 0:02:49]} Bf6 {[%emt 0:02:20]} 29. b4 {[%emt 0:01:25]} Bd5 {[%emt 0:04:18]} 30. Bxd5 {[%emt 0:01:40]} Nxd5 {[%emt 0:00:12]} 31. Ne4 {[%emt 0:00:22]} Ke7 {[%emt 0:01:15]} 32. Nxf6 {[%emt 0:02:39]} Nxf6 {[%emt 0:00:48]} 33. Kf1 {[%emt 0:00:17]} Ke6 {[%emt 0:01:18]} 34. Ke2 {[%emt 0:00:06]} Kd5 {[%emt 0:00:30]} 35. Kd3 {[%emt 0:00:34]} Nd7 {[%emt 0:04:39]} 36. f4 {[%emt 0:00:56]} f5 {[%emt 0:00:52]} 37. Bb2 {[%emt 0:01:50]} Nb6 {[%emt 0:00:49]} 38. Bc1 {[%emt 0:00:53]} Nc4 {[%emt 0:00:08]} 39. g4 {[%emt 0:00:44]} g6 {[%emt 0:00:26]} 40. g5 {[%emt 0:00:00]} c6 {[%emt 0:00:00]} 41. h4 {[%emt 0:01:15]} c5 {[%emt 0:06:06]} 42. Be3 {[%emt 0:05:07]} cxb4 {[%emt 0:01:00]} 43. axb4 {[%emt 0:00:21]} Nb2+ {[%emt 0:00:13]} 44. Kc2 {[%emt 0:01:32]} Ke4 {[%emt 0:00:23]} 45. Bb6 {[%emt 0:01:26]} Nd3 {[%emt 0:00:36]} 46. Kb3 {[%emt 0:01:53]} Nxf4 {[%emt 0:00:44]} 47. c4 {[%emt 0:00:03]} Ne6 {[%emt 0:00:22]} 48. c5 {[%emt 0:00:42]} Nd4+ {[%emt 0:00:08]} 49. Kc3 {[%emt 0:00:02]} Nc6 {[%emt 0:00:15]} 50. Bc7 {[%emt 0:01:27]} Ke3 {[%emt 0:00:10] Kd4+} 0-1

[Event "Szczawno Festival IM 2018"]
[Site "Szczawno"]
[Date "2018.12.18"]
[Round "5"]
[White "Karpus, Michal"]
[Black "Krzywda, Andrzej"]
[Result "1-0"]
[WhiteElo "2355"]
[BlackElo "2178"]
[Annotator "NA"]
[PlyCount "78"]
[EventDate "2018.12.14"]
[EventType "tourn"]
[EventCountry "POL"]
[SourceTitle "playchess.com"]
[Source "ChessBase"]
[SourceQuality "1"]
[TimeControl "40/5400+30:900+30"]

1. e4 {[%emt 0:00:00]} c6 {[%emt 0:00:00]} 2. d4 {[%emt 0:00:00]} d5 {[%emt 0:00:00]} 3. Nc3 {[%emt 0:00:00]} dxe4 {[%emt 0:00:00]} 4. Nxe4 {[%emt 0:00:07]} Nd7 {[%emt 0:00:16]} 5. Ng5 {[%emt 0:00:45]} Ngf6 {[%emt 0:00:28]} 6. Bd3 {[%emt 0:00:48]} e6 {[%emt 0:00:33]} 7. Qe2 {[%emt 0:01:07]} Bd6 {[%emt 0:00:53]} 8. N1f3 {[%emt 0:00:49]} h6 {[%emt 0:01:04]} 9. Ne4 {[%emt 0:00:13]} Nxe4 {[%emt 0:00:11]} 10. Qxe4 {[%emt 0:00:15]} Qc7 {[%emt 0:01:02]} 11. O-O {[%emt 0:03:04]} b6 {[%emt 0:00:38]} 12. Qg4 {[%emt 0:01:23]} Kf8 {[%emt 0:03:16]} 13. Re1 {[%emt 0:06:39]} Bb7 {[%emt 0:03:29]} 14. b3 {[%emt 0:03:21]} Rd8 {[%emt 0:05:03]} 15. Bb2 {[%emt 0:01:30]} Nf6 {[%emt 0:00:38] LiveBook: 5 Games} 16. Qh4 $11 {[%emt 0:01:04]} Nd5 {[%emt 0:15:21]} 17. Ne5 {[%emt 0:14:00]} Qe7 {[%emt 0:11:05]} 18. Qg3 {[%emt 0:03:37]} h5 {[%emt 0:07:56]} 19. c4 {[%emt 0:02:22]} Nb4 {[%emt 0:05:24]} 20. Be4 {[%emt 0:03:51]} h4 {[%emt 0:09:49]} 21. Qf3 {[%emt 0:02:49]} Qf6 {[%emt 0:01:59]} 22. Qc3 {[%emt 0:10:54]} h3 {[%emt 0:07:14]} 23. g3 {[%emt 0:02:58]} Bxe5 {[%emt 0:09:03]} 24. dxe5 {[%emt 0:00:36]} Qe7 {[%emt 0:00:07]} 25. Qf3 {[%emt 0:01:08]} Qc7 {[%emt 0:06:47]} 26. a3 {[%emt 0:02:32]} Na6 {[%emt 0:00:07]} 27. b4 {[%emt 0:01:14]} Bc8 {[%emt 0:03:52]} 28. Bxc6 {[%emt 0:03:12]} Nb8 {[%emt 0:00:09]} 29. Be4 {[%emt 0:00:42]} Nd7 {[%emt 0:00:26]} 30. Rad1 {[%emt 0:04:34]} Ke7 {[%emt 0:00:36]} 31. Qf4 {[%emt 0:02:52]} Rdg8 {[%emt 0:03:44]} 32. Qg5+ {[%emt 0:01:24]} Kf8 {[%emt 0:02:35]} 33. Rd6 {[%emt 0:01:48]} f6 {[%emt 0:01:27]} 34. exf6 {[%emt 0:07:58]} Nxf6 {[%emt 0:00:27]} 35. Qf4 {[%emt 0:08:41]} Kf7 {[%emt 0:00:01]} 36. Bd5 {[%emt 0:00:43]} Qe7 {[%emt 0:01:39]} 37. Rdxe6 {[%emt 0:01:41]} Bxe6 {[%emt 0:00:28]} 38. Rxe6 {[%emt 0:00:08]} Qxe6 {[%emt 0:00:38]} 39. Qc7+ {[%emt 0:00:15]} Kg6 1-0

[Event "Szczawno Festival IM 2018"]
[Site "Szczawno"]
[Date "2018.12.18"]
[Round "5"]
[White "Pacan-Milej, Kosma"]
[Black "Tejaswini, Sagar"]
[Result "1/2-1/2"]
[WhiteElo "2334"]
[BlackElo "2177"]
[Annotator "NA"]
[PlyCount "57"]
[EventDate "2018.12.14"]
[EventType "tourn"]
[EventCountry "POL"]
[SourceTitle "playchess.com"]
[Source "ChessBase"]
[SourceQuality "1"]
[TimeControl "40/5400+30:900+30"]

1. d4 {[%emt 0:00:00]} Nf6 {[%emt 0:00:39]} 2. c4 {[%emt 0:00:00]} g6 {[%emt 0:00:02]} 3. f3 {[%emt 0:00:00]} d5 {[%emt 0:00:08]} 4. cxd5 {[%emt 0:00:06]} Nxd5 {[%emt 0:00:06]} 5. e4 {[%emt 0:00:05]} Nb6 {[%emt 0:00:07]} 6. Nc3 {[%emt 0:00:13]} Bg7 {[%emt 0:00:15]} 7. Be3 {[%emt 0:00:07]} O-O {[%emt 0:00:23]} 8. Qd2 {[%emt 0:00:09]} Nc6 {[%emt 0:00:18]} 9. O-O-O {[%emt 0:00:55]} Qd6 {[%emt 0:00:32]} 10. Kb1 {[%emt 0:02:00]} Rd8 {[%emt 0:00:51]} 11. Nb5 {[%emt 0:00:36]} Qd7 {[%emt 0:00:35]} 12. d5 {[%emt 0:01:51]} a6 {[%emt 0:09:50]} 13. Nc3 $14 {[%emt 0:00:16] LiveBook: 66 Games} Na7 {[%emt 0:05:23]} 14. Bh6 {[%emt 0:23:07]} Bh8 {[%emt 0:01:36]} 15. h4 {[%emt 0:05:02]} Nb5 {[%emt 0:10:41]} 16. Nge2 {[%emt 0:10:51]} Nc4 {[%emt 0:07:29]} 17. Qc1 {[%emt 0:03:47]} Qd6 {[%emt 0:04:20]} 18. a4 {[%emt 0:15:09]} Nxc3+ {[%emt 0:07:40]} 19. Nxc3 {[%emt 0:00:08]} Qb4 {[%emt 0:00:47]} 20. Bxc4 {[%emt 0:02:02]} Qxc4 {[%emt 0:00:04]} 21. h5 {[%emt 0:00:33]} b5 {[%emt 0:09:13]} 22. hxg6 {[%emt 0:00:49]} fxg6 {[%emt 0:04:01]} 23. a5 {[%emt 0:14:56]} Bxc3 {[%emt 0:08:54]} 24. Qxc3 {[%emt 0:00:12]} Qxc3 {[%emt 0:00:10]} 25. bxc3 {[%emt 0:00:03]} e6 {[%emt 0:01:02]} 26. Bf4 {[%emt 0:06:08]} exd5 {[%emt 0:01:32]} 27. exd5 {[%emt 0:00:32]} Rd7 {[%emt 0:02:24]} 28. Rhe1 {[%emt 0:03:46]} Bb7 {[%emt 0:00:09]} 29. d6 {[%emt 0:02:04]} 1/2-1/2